Gothic 1 Charaktere - Statistiken

Allgemein
  • Dieses Quiz wurde 136 mal gespielt
    123 seit der letzten Aktualisierung
  • Das Durchschnittsergebnis liegt bei 53 aus 159
Antwortstatistiken
Antwort % Korrekt
Diego
95%
Milten
88%
Lester
84%
Xardas
84%
Gorn
82%
Lee
80%
Gomez
77%
Thorus
70%
Saturas
69%
Lares
68%
Cor Angar
66%
Raven
66%
Bloodwyn
62%
Cor Kalom
62%
Mud
62%
Wolf
62%
Ur-Shak
59%
Cavalorn
58%
Cronos
58%
Y'Berion
58%
Dexter
57%
Aaron
55%
Scar
55%
Snaf
55%
Myxir
53%
Bullit
51%
Fisk
51%
Ian
51%
Lefty
51%
Scatty
51%
Stone
51%
Corristo
50%
Nefarius
50%
Fletcher
49%
Riordian
49%
Baal Namib
47%
Fingers
46%
Reislord
46%
Sly
46%
Mordrag
43%
Buster
42%
Huno
42%
Jackal
42%
Torlof
42%
Arto
41%
Baal Netbek
41%
Grim
41%
Merdarion
41%
Torrez
39%
Baal Lukor
38%
Velaya
38%
Horatio
36%
Scorpio
36%
Bartholo
35%
Cord
35%
Drax
35%
Silas
35%
Whistler
35%
Guy
34%
Kharim
34%
Nyras
34%
Baal Isidro
32%
Butch
32%
Fortuno
32%
Jarvis
32%
Kirgo
32%
Skip
32%
Asghan
31%
Cipher
31%
Der Schläfer
31%
Grimes
31%
Baal Parvez
30%
Baal Tyon
30%
Dusty
30%
Gor Na Drak
30%
Homer
30%
Orik
30%
Aidan
28%
Baal Cadar
28%
Baal Tondral
28%
Graham
28%
Okyl
28%
Aleph
27%
Baal Orun
27%
Blade
27%
Cutter
27%
Orry
27%
Ratford
27%
Sharky
27%
Talas
27%
Baal Kagan
26%
Drago
26%
Gor Na Vid
26%
Snipes
26%
Herek
24%
Melvin
24%
Shrike
24%
Caine
23%
Drake
23%
Gor Na Bar
23%
Roscoe
23%
Tarrok
23%
Gor Na Toth
22%
Gravo
22%
Quentin
22%
Rodrigues
22%
Swiney
22%
Viper
22%
Wedge
22%
Gor Boba
20%
Gor Na Kosh
20%
Darrion
19%
Gilbert
19%
Harlok
19%
Kyle
19%
Balor
18%
Ghorim
18%
Gor Hanis
18%
Gor Na Ran
18%
Jesse
18%
Joru
18%
Pacho
18%
Ulbert
18%
Viran
18%
Alberto
16%
Baloro
16%
Damarok
16%
Jeremiah
16%
Pock
16%
Senyan
16%
Syra
16%
Unicorn
16%
Baal Taran
15%
Chani
15%
Flex
15%
Grash-Varrag-Arushat
15%
Natalia
15%
Rufus
15%
Santino
15%
Seraphia
15%
Varrag-Unhilqt
15%
Yellow Pfeiffer
15%
Balam
14%
Brandick
14%
Charlotte
14%
Jacko
14%
Shrat
14%
Steve
14%
Varrag-Kasorg
14%
Varrag-Ruuushk
14%
Bruce
12%
Dr. Pymonte
12%
Garp
12%
Glen
12%
Lutter
12%
Omid
12%
Varrag-Hashor
11%
The Flail
9%
Thomas the forger
9%
Keine übereinstimmenden Quizze gefunden
Verteilung der Resultate
Anzahl Personen mit jedem Resultat
Perzentil nach korrekt beantworteten Fragen
Ihre Resultats-Entwicklung
Sie haben dieses Quiz seit der letzten Aktualisierung nicht gespielt